Crónicas del Pacífico
Furkejuvvon:
| Váldodahkki: | |
|---|---|
| Materiálatiipa: | Girji |
| Giella: | espánnjágiella |
| Almmustuhtton: |
Santiago
Andrés Bello
1977
|
| Preanttus: | 1a. ed |
| Fáttát: | |
| Fáddágilkorat: |
Lasit fáddágilkoriid
Eai fáddágilkorat, Lasit vuosttaš fáddágilkora!
|
MARC
| LEADER | 00000cam a2200000 a 4500 | ||
|---|---|---|---|
| 001 | UCU9561 | ||
| 003 | CL-VaPUC | ||
| 008 | 960823e19770000CL |||||||||||||||||spa|d | ||
| 082 | 0 | 4 | |a 910.91 |b BUN |2 21 |
| 100 | 0 | |a Bunster, Enrique |e author |9 368774 | |
| 245 | 1 | 0 | |a Crónicas del Pacífico |
| 250 | |a 1a. ed | ||
| 300 | |a 202 p | ||
| 942 | |c BK | ||
| 945 | |d 19960823 00:00:00 |a nastorga | ||
| 260 | |a Santiago |b Andrés Bello |c 1977 | ||
| 650 | 7 | |a CONTINENTES |2 CL-VaPUC |9 357728 | |
| 650 | 7 | |a EXPLORACION OCEANICA |2 CL-VaPUC |9 368775 | |
| 650 | 7 | |a MARES |2 CL-VaPUC |9 358168 | |
| 650 | 0 | |a Océanos |9 344473 | |
| 650 | 7 | |a PIRATAS |2 CL-VaPUC |9 317855 | |
| 650 | 0 | |a Expediciones científicas |9 265222 | |
| 650 | 0 | |a Viajes |9 257115 | |
| 651 | 0 | |a España |9 254926 | |
| 651 | 7 | |a OCEANO PACIFICO |2 CL-VaPUC |9 262019 | |
| 583 | |a last modification |c 20170713 01:47:27 |k Rodrigo Vera | ||
| 999 | |c 251276 |d 251274 | ||
| 952 | |0 0 |1 0 |4 0 |6 910_910000000000000_BUN_1977 |7 0 |8 P |9 270327 |a BIBARQ |b BIBARQ |d 2019-11-19 |i 322256K |o 910.91 BUN 1977 |p 322256K |r 2025-01-20 |w 2019-11-19 |y BK |k ARQ | ||
| 952 | |0 0 |1 0 |4 0 |6 910_910000000000000_BUN_1977 |7 0 |8 A |9 270328 |a BIBHIS |b BIBHIS |d 2019-11-19 |i 1359967 |o 910.91 BUN 1977 |p 1359967 |r 2025-01-20 |w 2019-11-19 |y BK |k HIS | ||
| 952 | |0 0 |1 0 |3 erd |4 0 |6 910_910000000000000_BUN_1977 |7 0 |8 A |9 270329 |a BIBHIS |b BIBHIS |i 5408261 |o 910.91 BUN 1977 |p 5408261 |r 2025-01-20 |w 2019-11-19 |y BK |z Catalogado en:20170713 |k HIS | ||